000 00398nam a22001697a 4500
005 20160618105408.0
008 160618b xxu||||| |||| 00| 0 eng d
020 _a81-7808-862-1
041 _aeng
082 _b8085
100 _aBirlay, Sue and Muzykea Daniel F
_92183
245 _aMastering Enterprise
260 _bPitman
_c2000
300 _a367
650 _aManagement
_9241
942 _cBK
999 _c3051
_d3050